| 000 | 00790nam a2200241Ia 4500 | ||
|---|---|---|---|
| 003 | OSt | ||
| 005 | 20220923211236.0 | ||
| 006 | a|||||r|||| 00| 0 | ||
| 007 | ta | ||
| 008 | 220922b |||||||| |||| 00| 0 pan d | ||
| 020 |
_a9788171831842 (hbk) _c120 |
||
| 024 | _a246,884 | ||
| 037 |
_b7830/X, 31/01/2011, Arsee Publishers _cTextual |
||
| 040 |
_aARTS _cARTS _bpan |
||
| 041 |
_2pan _apan |
||
| 082 | _aO153,2N38:g, P9 | ||
| 100 |
_aਸਿੱਧੂ, ਚਰਨ ਦਾਸ _9156265 |
||
| 245 | 0 | _aਮੇਰਾ ਨਾਟਰੀ ਸਫਰ | |
| 260 |
_aਦਿੱਲੀ _b Fਿਲਾਲੇਖ _c2009 |
||
| 300 |
_a86ਪੰ _ccm. |
||
| 942 |
_hO153,2N38:g, P9 _cTEXL _2CC |
||
| 999 |
_c297520 _d297520 |
||